00686cam a2200169 4500008004100000020001500041035001200056100002000068245011200088250001100200260010500211300002100316504002900337504002200366650006400388650006400452071115s2002 mx 000 0 spa u a9683677835 aa4665411 aCastro, Roberto13aLa Vida en la adversidad :bel significado de la salud y la reproducción en la pobreza /cRoberto Castro. a1a ed. aCuernavaca, Morelos ; Méx. :bUNAM, Centro Regional de Investigaciones Multidisciplinarias, c2002 a540 P. ;c21 cm. aBibliografia: p. 491-522 aIncluye índices 4aSalud Reproductiva zOcuituco (Morelos) xAspectos sociales 4aSalud xConducta sexual zOcuituco (Morelos) xExperiencias